Ľúbostná báseň

Bibliographic Details
Main Author: Gustafsson, Lars, 1936-2016 (Author)
Other Authors: Richter, Milan, 1948- (Translator)
Format: Article
Language:Slovak
Subjects:

MARC

LEADER 00000nab a2200000 a 4500
001 vtls000174714
003 SK-MaSNL
005 20260304010738.0
008 140423c1984 xo 0 slo
015 |a SNBRB19rr/mm-uuuuu 
035 |a CL0184826 
040 |a SNKBUCL  |b slo  |c SNKBUCL  |e AACR2 
041 0 |a slo 
044 |a xo  |c SK 
080 |a 839.7-1  |2 1981 
100 1 |a Gustafsson, Lars,  |d 1936-2016  |4 aut  |9 248847 
245 1 0 |a Ľúbostná báseň  |c Lars Gustafsson ; Milan Richter 
650 0 7 |a básne o láske  |2 snkbucl  |9 921526 
655 7 |a články z novín a časopisov  |2 snkbucl  |9 267496 
655 7 |a články z odboru literárna veda a krásna literatúra  |2 snkbucl  |9 770045 
700 1 |a Richter, Milan,  |d 1948-  |4 trl  |9 92608 
773 0 |t Revue svetovej literatúry  |g Roč. 20, č. 1 (1984), s. 78 
850 |a Slovenská národná knižnica v Martine  |a MTA001 
852 |a SNK  |b KIS3GCP 
958 |a RK 
958 |a LX 
999 |c 2562759  |d 2564689